<?xml version="1.0" encoding="UTF-8"?><?xml-stylesheet type="text/xsl" href="static/style.xsl"?><OAI-PMH xmlns="http://www.openarchives.org/OAI/2.0/" xmlns:xsi="http://www.w3.org/2001/XMLSchema-instance" xsi:schemaLocation="http://www.openarchives.org/OAI/2.0/ http://www.openarchives.org/OAI/2.0/OAI-PMH.xsd"><responseDate>2026-04-14T02:57:01Z</responseDate><request verb="GetRecord" identifier="oai:www.recercat.cat:2072/464772" metadataPrefix="marc">https://recercat.cat/oai/request</request><GetRecord><record><header><identifier>oai:recercat.cat:2072/464772</identifier><datestamp>2024-11-04T04:46:37Z</datestamp><setSpec>com_2072_98</setSpec><setSpec>col_2072_378192</setSpec></header><metadata><record xmlns="http://www.loc.gov/MARC21/slim" xmlns:dcterms="http://purl.org/dc/terms/" xmlns:xsi="http://www.w3.org/2001/XMLSchema-instance" xmlns:doc="http://www.lyncode.com/xoai" xsi:schemaLocation="http://www.loc.gov/MARC21/slim http://www.loc.gov/standards/marcxml/schema/MARC21slim.xsd">
   <leader>00925njm 22002777a 4500</leader>
   <datafield ind2=" " ind1=" " tag="042">
      <subfield code="a">dc</subfield>
   </datafield>
   <datafield ind2=" " ind1=" " tag="720">
      <subfield code="a">Villagómez Estrada, Sandra</subfield>
      <subfield code="e">author</subfield>
   </datafield>
   <datafield ind2=" " ind1=" " tag="720">
      <subfield code="a">Pérez Hernández, José Francisco</subfield>
      <subfield code="e">author</subfield>
   </datafield>
   <datafield ind2=" " ind1=" " tag="720">
      <subfield code="a">Melo Duran, Diego Alexander</subfield>
      <subfield code="e">author</subfield>
   </datafield>
   <datafield ind2=" " ind1=" " tag="720">
      <subfield code="a">González Solé, Francesc</subfield>
      <subfield code="e">author</subfield>
   </datafield>
   <datafield ind2=" " ind1=" " tag="720">
      <subfield code="a">D'angelo, Matilde</subfield>
      <subfield code="e">author</subfield>
   </datafield>
   <datafield ind2=" " ind1=" " tag="720">
      <subfield code="a">Pérez Hernández, José Francisco</subfield>
      <subfield code="e">author</subfield>
   </datafield>
   <datafield ind2=" " ind1=" " tag="720">
      <subfield code="a">Solà Oriol, David</subfield>
      <subfield code="e">author</subfield>
   </datafield>
   <datafield ind2=" " ind1=" " tag="260">
      <subfield code="c">2022</subfield>
   </datafield>
   <datafield ind2=" " ind1=" " tag="520">
      <subfield code="a">Modern hyperprolific sows must deal with large litters (16-20 piglets) which reduce piglet birthweight with a concomitant increase in the proportion of small and intrauterine growth retarded piglets. However, larger litters do not only have a greater variation of piglet weights, but also a greater variation in colostrum and milk consumption within the litter. To further understand the impact that body weight has on piglets, the present study aimed to evaluate the degree of physiological weakness of the smallest piglets at birth and during the suckling period (20 d) compared to their middle-weight littermates through their jejunal gene expression. At birth, light piglets showed a downregulation of genes related to immune response (FAXDC2, HSPB1, PPARGC1α), antioxidant enzymes (SOD2m), digestive enzymes (ANPEP, IDO1, SI), and nutrient transporter (SLC39A4) (P &lt; 0.05) but also a tendency for a higher mRNA expression of GBP1 (inflammatory regulator) and HSD11β1 (stress hormone) genes compared to their heavier littermates (P &lt; 0.10). Excluding HSD11β1 gene, all these intestinal gene expression differences initially observed at birth between light and middle-weight piglets were stabilized at the end of the suckling period, when others appeared. Genes involved in barrier function (CLDN1), pro-inflammatory response (CXCL2, IL6, IDO1), and stress hormone signaling (HSD11β1) over-expressed compared to their middle-weight littermates (P &lt; 0.05). In conclusion, at birth and at the end of suckling period, light body weight piglets seem to have a compromised gene expression and therefore impaired nutrient absorption, immune and stress responses compared to their heavier littermates. At birth and during lactation phase, the light body weight of piglets born from hyperprolific sows predisposed to a higher expression of stress and pro-inflammatory genes.</subfield>
   </datafield>
   <datafield ind1="8" ind2=" " tag="024">
      <subfield code="a">http://hdl.handle.net/2072/464772</subfield>
   </datafield>
   <datafield tag="653" ind2=" " ind1=" ">
      <subfield code="a">Birthweight</subfield>
   </datafield>
   <datafield tag="653" ind2=" " ind1=" ">
      <subfield code="a">Gene expression</subfield>
   </datafield>
   <datafield tag="653" ind2=" " ind1=" ">
      <subfield code="a">Hyperprolific sows</subfield>
   </datafield>
   <datafield tag="653" ind2=" " ind1=" ">
      <subfield code="a">Neonatal pigs</subfield>
   </datafield>
   <datafield tag="653" ind2=" " ind1=" ">
      <subfield code="a">Suckling pigs</subfield>
   </datafield>
   <datafield ind2="0" ind1="0" tag="245">
      <subfield code="a">Body weight of newborn and suckling piglets affects their intestinal gene expression</subfield>
   </datafield>
</record></metadata></record></GetRecord></OAI-PMH>